000 00430nam a22001697a 4500
005 20260425115410.0
008 260425b |||||||| |||| 00| 0 eng d
020 _a978-93-85721-04-5
041 _aeng
082 _a294.5
100 _a Balkrishna, Acharya
_99014
245 _aVichar Kranti
260 _aHARIDWAR
_bDIVYA PRAKASHAN
_c2025
300 _a208;P
650 _aHinduism / Yoga / Indian religious
_99015
942 _cBK
999 _c9120
_d9118